Central Library OPAC University of Rajshahi

বিদ্যাপতি-শতক / (Record no. 44722)

MARC details
000 -LEADER
fixed length control field 00763nam a22002417a 4500
001 - CONTROL NUMBER
control field 44722
003 - CONTROL NUMBER IDENTIFIER
rucl marc code BD-RjUL
005 - DATE AND TIME OF LATEST TRANSACTION
control field 20211209053915.0
008 - FIXED-LENGTH DATA ELEMENTS--GENERAL INFORMATION
fixed length control field 160720r19671954b ||||| |||| 00| 0 b d
020 ## - INTERNATIONAL STANDARD BOOK NUMBER
Terms of availability 5.00
035 ## - SYSTEM CONTROL NUMBER
System control number (BD-RjUL)44840
040 ## - CATALOGING SOURCE
Original cataloging agency BD-RjUL
Language of cataloging ben
Transcribing agency BD-RjUL
041 ## - LANGUAGE CODE
Language code of text/sound track or separate title ben
082 ## - DEWEY DECIMAL CLASSIFICATION NUMBER
Edition number 23
Classification number 891.44092
Author mark and year BID 1967
245 10 - TITLE STATEMENT
Title বিদ্যাপতি-শতক /
250 ## - EDITION STATEMENT
Edition statement ২য় সং.
260 ## - PUBLICATION, DISTRIBUTION, ETC. (IMPRINT)
Place of publication, distribution, etc. ঢাকা :
Name of publisher, distributor, etc. রেনেমাঁস পিন্টার্স.
Date of publication, distribution, etc. ১৯৬৭
300 ## - PHYSICAL DESCRIPTION
Pagination ১০০ পৃ.;
Size ২৪ সেমি.
600 ## - SUBJECT ADDED ENTRY--PERSONAL NAME
Personal name বিদ্যাপতি
Personal name Vidyapati
700 ## - ADDED ENTRY--PERSONAL NAME
Personal name শহীদুল্লাহ্, মোহম্মদ
942 ## - ADDED ENTRY ELEMENTS (KOHA)
Source of classification or shelving scheme Dewey Decimal Classification
Koha item type Books
Holdings
Lost status Source of classification or shelving scheme Damaged status Not for loan Collection code Permanent Location Current Location Shelving location Date acquired Source of acquisition Cost, normal purchase price Total Checkouts Full call number Date last seen Copy number Koha item type
  Dewey Decimal Classification     Non-fiction Central Library, University of Rajshahi Central Library, University of Rajshahi   13/06/1968 Noroge 5.00   B 891.44092 BID 1967 20/07/2016 C-2 Books
  Dewey Decimal Classification     Non-fiction Central Library, University of Rajshahi Central Library, University of Rajshahi   13/06/1968 Noroge 5.00   B 891.44092 BID 1967 20/07/2016 C-3 Books